| 000 | 00913nam a2200205Ia 4500 | ||
|---|---|---|---|
| 008 | 0000001995 mX a 0000000000spa00 | ||
| 090 | _aPSP00 P27g1 | ||
| 100 | 1 |
_aPérez Villalta, Guillermo _d1948 |
|
| 245 | 1 | 0 |
_aGuillermo Pérez Villalta _b: obra reciente _c/ traducción Francisco Javier Torres Ribelles ; fotografías Oronoz |
| 300 |
_a38 p. _c/ 28 cm. |
||
| 500 | _aExposición realizada en No(vDic. 1995 en OMR Galería, México \ Con el patronazgo del maestro venezolano Jesús Rafael Soto (q.e.p.d.) \ Registro auspiciado por el IDCT. Bogotá | ||
| 600 | 0 | 0 |
_a PEREZ VILLALTA, GUILLERMO, 1948/ _xTRABAJOS PICTORICOS |
| 650 | 1 | 4 | _aARTE CONTEMPORANEO ESPAÑOL |
| 650 | 1 | 4 | _xCATALOGOS |
| 650 | 1 | 4 | _xEXPOSICIONES |
| 650 | 1 | 4 | _aPINTORES ESPAÑOLES |
| 650 | 1 | 4 | _aPINTURA ESPAÑOLA |
| 700 | 1 | _aTorres Ribelles, Francisco Javier, tr. \ Oronoz | |
| 999 |
_c3610 _d3610 |
||
| 260 |
_aMéxico : Galería OMR _c1995 |
||